Click U.S. Cities Beginning With B - Statistics

General Stats
  • This quiz has been taken 43 times
  • The average score is 14 of 20
Answers on the Map
Answers color-coded by a green-red scale on the quiz's map according to % correct below.
 
Answer Stats
Answer % Correct
Baton Rouge
91%
Bakersfield
88%
Baltimore
88%
Boston
88%
Beverly Hills
82%
Birmingham
82%
Bismarck
82%
Boise
82%
Buffalo
79%
Billings
74%
Boulder
74%
Bowling Green
68%
Bend
62%
Bloomington
62%
Bellevue
59%
Broken Arrow
59%
Brownsville
59%
Burlington
59%
Bethlehem
56%
Beaumont
53%
No matching quizzes found
Score Distribution
Percent of People with Each Score
Percentile by Number Answered
Your Score History
You have not taken this quiz